| 000 | 00681nam a2200205 a 4500 | ||
|---|---|---|---|
| 001 | 000040860 | ||
| 005 | 20201002034432.0 | ||
| 008 | 130909s2003 sp ac 000 0 spa d | ||
| 020 | _a843761094X | ||
| 040 |
_aDO-SdBNP _bspa _cBNPHU |
||
| 100 | 1 |
_aSwift, Jonathan _967282 |
|
| 240 | 1 | 0 |
_aGuilliver´s travels _lEspañol |
| 245 | 4 |
_aLos viajes de Gulliver / _cJonathan Swift ; edición Pilar Elena ; traducción Pollux Hernúñez. |
|
| 250 | _a3a ed. | ||
| 260 |
_aMadrid : _bCátedra, _c2003. |
||
| 300 |
_a578 p. : _bils., retr. ; _c19 cm. |
||
| 500 | _aIncluye notas al pie de las páginas | ||
| 700 | 1 |
_aElena, Pilar, _eed. _967283 |
|
| 700 | 1 |
_aHernúñez, Pollux, _etrad. _967284 |
|
| 999 |
_c40350 _d40350 |
||